000 00209nam a22000857a 4500
001 1236346
005 20251001162552.0
245 _aYEŞİL TATİL
_cTURGAY FİŞEKÇİ
260 _bGÜNIŞIĞI KİTAPLIĞI YAYINLARI
999 _c1236346
_d1236346